[Event "Klatovy op-B 24th"]
[Site "Klatovy"]
[Date "2018.07.08"]
[Round "9"]
[White "Pucholt, Martin"]
[Black "Stanke, Petr"]
[Result "1-0"]
[WhiteElo "1570"]
[BlackElo "1378"]
[PlyCount "57"]
[EventDate "2018.06.30"]
[EventType "swiss"]
[EventRounds "9"]
[EventCountry "CZE"]
[SourceTitle "EXT 2019"]
[Source "ChessBase"]
[SourceDate "2018.10.10"]
[SourceVersion "1"]
[SourceVersionDate "2018.10.10"]
[SourceQuality "1"]

1. e4 e6 2. d4 d5 3. Nc3 Nf6 4. Bd3 Be7 5. Bg5 dxe4 6. Nxe4 Nxe4 7. Bxe7 Nxf2 8. Bxd8 Nxd1 9. Bxc7 Nxb2 10. Be2 Na4 11. Nf3 Nc3 12. Bd3 0-0 13. Ba5 Nd5 14. Bd2 Nd7 15. 0-0 b6 16. a4 Rb8 17. Rfb1 a6 18. c4 Nc7 19. Bf4 Rb7 20. c5 bxc5 21. Rxb7 Bxb7 22. Bxc7 Bxf3 23. gxf3 Rc8 24. Bf4 c4 25. Be2 Nb6 26. Rc1 Nd5 27. Bg3 c3 28. Bxa6 Rc6 29. Bb7 1-0

[Event "Klatovy op-B 24th"]
[Site "Klatovy"]
[Date "2018.07.03"]
[Round "4"]
[White "Juhanak, Daniel"]
[Black "Pucholt, Martin"]
[Result "1-0"]
[WhiteElo "1317"]
[BlackElo "1570"]
[PlyCount "91"]
[EventDate "2018.06.30"]
[EventType "swiss"]
[EventRounds "9"]
[EventCountry "CZE"]
[SourceTitle "CBM 185 Extra"]
[Source "ChessBase"]
[SourceDate "2018.07.29"]
[SourceVersion "1"]
[SourceVersionDate "2018.07.29"]
[SourceQuality "1"]

1. d4 Nf6 2. g3 e6 3. Bg2 c6 4. Nf3 d5 5. 0-0 Nbd7 6. c4 dxc4 7. Nbd2 c3 8. bxc3 Be7 9. c4 0-0 10. e4 c5 11. d5 e5 12. Bb2 Bd6 13. Ne1 Re8 14. Nd3 Nb6 15. h3 Kh8 16. f4 Nfd7 17. fxe5 Nxe5 18. Nxe5 Bxe5 19. Bxe5 Rxe5 20. Rxf7 Bd7 21. Qf3 Re7 22. Rf1 Rxf7 23. Qxf7 Qe8 24. Qxe8+ Rxe8 25. e5 Kg8 26. e6 Ba4 27. Rf7 Bc2 28. Rxb7 Bd3 29. Bf1 Bxf1 30. Kxf1 Nc8 31. Rc7 Nd6 32. Rxc5 Rf8+ 33. Kg2 Rb8 34. Kf3 Kf8 35. Ne4 Nf5 36. Kf4 Ne7 37. Rb5 Rxb5 38. cxb5 Nxd5+ 39. Ke5 Ne7 40. a4 Nc8 41. Nd6 Nb6 42. a5 Na8 43. Nc8 Ke8 44. Nxa7 Nc7 45. Kd6 Kd8 46. e7+ 1-0

[Event "Klatovy op-B 24th"]
[Site "Klatovy"]
[Date "2018.07.01"]
[Round "2"]
[White "Mejzr, Jan"]
[Black "Pucholt, Martin"]
[Result "1/2-1/2"]
[WhiteElo "1897"]
[BlackElo "1570"]
[PlyCount "24"]
[EventDate "2018.06.30"]
[EventType "swiss"]
[EventRounds "9"]
[EventCountry "CZE"]
[SourceTitle "CBM 185 Extra"]
[Source "ChessBase"]
[SourceDate "2018.07.29"]
[SourceVersion "1"]
[SourceVersionDate "2018.07.29"]
[SourceQuality "1"]

1. e4 c5 2. d4 cxd4 3. c3 dxc3 4. Nxc3 Nc6 5. Nf3 d6 6. Bc4 e6 7. 0-0 Nf6 8. Qe2 Be7 9. Rd1 Qa5 10. Nb5 0-0 11. b4 Qxb4 12. Ba3 Qa5 1/2-1/2

[Event "Klatovy op-B 22nd"]
[Site "Klatovy"]
[Date "2016.07.05"]
[Round "4"]
[White "Zamorsky, Ladislav"]
[Black "Pucholt, Martin"]
[Result "1-0"]
[WhiteElo "1840"]
[BlackElo "1641"]
[PlyCount "89"]
[EventDate "2016.07.02"]
[EventType "swiss"]
[EventRounds "9"]
[EventCountry "CZE"]
[SourceTitle "EXT 2019"]
[Source "ChessBase"]
[SourceDate "2018.10.10"]
[SourceVersion "1"]
[SourceVersionDate "2018.10.10"]
[SourceQuality "1"]

1. d4 Nf6 2. c4 e6 3. g3 Bb4+ 4. Nd2 0-0 5. Bg2 d5 6. Ngf3 Ne4 7. 0-0 b6 8. Nxe4 dxe4 9. Ng5 f5 10. h4 h6 11. Nh3 Nd7 12. Nf4 Qe8 13. d5 Nf6 14. Nxe6 Bxe6 15. dxe6 Qxe6 16. Qa4 a5 17. Be3 Rad8 18. Rfd1 Ng4 19. Bf4 Bc5 20. e3 Qe7 21. Qc6 Ne5 22. Bxe5 Qxe5 23. Bh3 Bd6 24. Qd5+ Qxd5 25. Rxd5 g6 26. h5 Kg7 27. hxg6 Kxg6 28. Rad1 Be7 29. Bxf5+ Kf6 30. Bxe4 Bd6 31. Rf5+ Ke6 32. Rxf8 Rxf8 33. Rd5 Be5 34. b3 Rg8 35. Kg2 Rb8 36. f4 Bh8 37. Bf5+ Kf6 38. e4 Ra8 39. Bd7 Ke7 40. e5 Ra7 41. Bc6 Ke6 42. g4 Bg7 43. f5+ Kf7 44. Rd7+ Kf8 45. f6 1-0

[Event "Ricany op-B"]
[Site "Ricany"]
[Date "2008.08.29"]
[Round "8"]
[White "Fojtu, Jan"]
[Black "Pucholt, Martin"]
[Result "0-1"]
[WhiteElo "1250"]
[BlackElo "1000"]
[PlyCount "30"]
[EventDate "2008.08.23"]
[EventType "swiss"]
[EventRounds "9"]
[EventCountry "CZE"]
[SourceTitle "CBM 126 Extra"]
[Source "ChessBase"]
[SourceDate "2008.11.05"]
[SourceVersion "1"]
[SourceVersionDate "2008.11.05"]
[SourceQuality "1"]

1. e4 e5 2. Nf3 Nf6 3. Nc3 Nc6 4. d3 Bb4 5. Bd2 d5 6. Nxd5 Nxd5 7. exd5 Qxd5 8. Be2 Bd7 9. 0-0 Qe6 10. Qe1 Qg6 11. Nh4 Qd6 12. Bf3 Bc5 13. Be4 g6 14. g3 0-0-0 15. Kh1 Rhf8 0-1

[Event "Ricany op-B"]
[Site "Ricany"]
[Date "2008.08.26"]
[Round "5"]
[White "Kutil, Pavel"]
[Black "Pucholt, Martin"]
[Result "1-0"]
[WhiteElo "1409"]
[BlackElo "1000"]
[PlyCount "125"]
[EventDate "2008.08.23"]
[EventType "swiss"]
[EventRounds "9"]
[EventCountry "CZE"]
[SourceTitle "CBM 126 Extra"]
[Source "ChessBase"]
[SourceDate "2008.11.05"]
[SourceVersion "1"]
[SourceVersionDate "2008.11.05"]
[SourceQuality "1"]

1. b3 e5 2. Bb2 e4 3. d3 f5 4. dxe4 fxe4 5. Nc3 Bb4 6. g3 Nf6 7. Bg2 d5 8. e3 0-0 9. Nge2 c6 10. 0-0 Bg4 11. Qd4 Qc7 12. Nf4 Bc5 13. Qd2 Na6 14. Bh3 Bxh3 15. Nxh3 Nh5 16. Na4 Bd6 17. Nf4 Be5 18. Bxe5 Qxe5 19. Qc3 Qxc3 20. Nxc3 Nxf4 21. exf4 Rae8 22. Rfe1 Rf6 23. Rad1 Nc7 24. a4 Ref8 25. Re2 Rg6 26. Rde1 Rxf4 27. Kh1 Rf5 28. Nd1 Rf8 29. Re3 Ne6 30. c3 Nc5 31. c4 Nd3 32. R1e2 Rgf6 33. Kg2 Rg6 34. Kh1 Nc5 35. cxd5 cxd5 36. Kg2 Nd3 37. Kf1 h5 38. Rd2 Rgf6 39. Kg1 Rb6 40. f3 Re8 41. Rdxd3 exd3 42. Rxe8+ Kf7 43. Rd8 Rxb3 44. Rxd5 g6 45. Nf2 Ra3 46. Rd7+ Ke6 47. Rxb7 Ra1+ 48. Kg2 d2 49. a5 d1Q 50. Nxd1 Rxd1 51. Rxa7 Rd2+ 52. Kh3 Ra2 53. a6 Kd6 54. Rg7 Kc5 55. Rxg6 Kb4 56. f4 Rf2 57. a7 Ra2 58. Rg7 Kc5 59. f5 Ra6 60. f6 Rxf6 61. a8Q Kd4 62. Rd7+ Ke5 63. Qd5# 1-0

[Event "Ricany op-B"]
[Site "Ricany"]
[Date "2008.08.25"]
[Round "4"]
[White "Pucholt, Martin"]
[Black "Lorenc, David"]
[Result "0-1"]
[WhiteElo "1000"]
[BlackElo "1568"]
[PlyCount "91"]
[EventDate "2008.08.23"]
[EventType "swiss"]
[EventRounds "9"]
[EventCountry "CZE"]
[SourceTitle "CBM 126 Extra"]
[Source "ChessBase"]
[SourceDate "2008.11.05"]
[SourceVersion "1"]
[SourceVersionDate "2008.11.05"]
[SourceQuality "1"]

1. e4 c5 2. Nf3 d6 3. c3 Nc6 4. Bb5 e6 5. d4 cxd4 6. cxd4 a6 7. Ba4 b5 8. Bb3 Nf6 9. Qe2 Na5 10. Bc2 Bb7 11. 0-0 Be7 12. Rd1 Qc7 13. b3 Rc8 14. Rd2 Nc6 15. a3 Na5 16. Bb2 Nxe4 17. Bxe4 Bxe4 18. Qe3 Bd5 19. Rd3 Qc2 20. Nbd2 Qxb2 21. Rb1 Qc2 22. Ne1 Qc7 23. Rc3 Qxc3 24. Nd3 Qc7 25. Rc1 Qb7 26. Qg3 Rxc1+ 27. Nxc1 0-0 28. Nd3 Qc7 29. h3 Bf6 30. b4 Nc6 31. Nf4 Ne7 32. Nh5 Ng6 33. Nf3 Bxf3 34. Nxf6+ gxf6 35. Qxf3 Qc1+ 36. Kh2 Qf4+ 37. Qg3 Qxg3+ 38. Kxg3 Rc8 39. a4 bxa4 40. b5 axb5 41. d5 a3 42. dxe6 a2 43. Kg4 a1Q 44. Kh5 Qa4 45. g4 Kg7 46. exf7 0-1

[Event "Ricany op-B"]
[Site "Ricany"]
[Date "2008.08.23"]
[Round "1"]
[White "Riha, Frantisek"]
[Black "Pucholt, Martin"]
[Result "1-0"]
[WhiteElo "1469"]
[BlackElo "1000"]
[PlyCount "119"]
[EventDate "2008.08.23"]
[EventType "swiss"]
[EventRounds "9"]
[EventCountry "CZE"]
[SourceTitle "CBM 126 Extra"]
[Source "ChessBase"]
[SourceDate "2008.11.05"]
[SourceVersion "1"]
[SourceVersionDate "2008.11.05"]
[SourceQuality "1"]

1. e4 e5 2. Nf3 Nc6 3. Bc4 h6 4. d4 exd4 5. Nxd4 Nxd4 6. Qxd4 c5 7. Qc3 Qe7 8. 0-0 d6 9. Re1 f6 10. Bf4 Be6 11. Nd2 g5 12. Bg3 h5 13. f3 h4 14. Bf2 Bg7 15. Qb3 Bxc4 16. Nxc4 0-0-0 17. a4 Qc7 18. Na3 Ne7 19. c3 Nc6 20. Nb5 Qb8 21. Red1 Rd7 22. Qe6 Bf8 23. Bxc5 Rhh7 24. Bxd6 Bxd6 25. Rxd6 Nd8 26. Qxf6 a6 27. Qxg5 axb5 28. Qc5+ Rc7 29. Rxd8+ Kxd8 30. Qf8+ Kd7 31. Qxb8 bxa4 32. Rd1+ Kc6 33. Qe8+ Rhd7 34. Qe6+ Kc5 35. Rd5+ Rxd5 36. Qxd5+ Kb6 37. Qd6+ Rc6 38. Qb4+ Kc7 39. Qxa4 Rb6 40. b3 Ra6 41. Qc4+ Rc6 42. Qd4 Rd6 43. Qxd6+ Kxd6 44. Kf2 Ke5 45. Ke3 Ke6 46. Kd4 Kf6 47. b4 Ke6 48. c4 Kd6 49. f4 Ke6 50. b5 Kd6 51. f5 b6 52. e5+ Kd7 53. Kd5 Kc7 54. Ke6 Kd8 55. f6 Ke8 56. Kd6 Kf7 57. e6+ Kxf6 58. e7 Kf7 59. Kd7 Kf6 60. e8Q 1-0